000 00460nam a2200169 i 4500
001 bg
100 1 _aERSOV, Andrej P.
245 0 _aWprowadzenie do teorii programowania /
_cA.P. Jerszow.
260 _aWarszawa,
_c1981.
490 1 _aBiblioteka Inżynierii Oprogramowania
830 _aBiblioteka Inżynierii Oprogramowania
040 _cBPK
041 _apol
080 _a681.322.06:519.68
942 _cKS
008 s pl f |000 0 pol
999 _c19997
_d19997
856 _uhttp://koha.tu.koszalin.pl/cgi-bin/koha/opac-detail.pl?biblionumber=19997
_yKatalog online BPK